00318nam a2200133Ia 4500008004000000041000800040082001100048100001600059245002900075260004300104650001300147650001100160650001300171210210b1960 xxu||||| |||| 00| 0 eng d aeng a336/11 aALLEN (G C) aJapans economic recovery aLondonbOxford University Pressc1960 arecovery aJapans aeconomic